000 00737nam a2200181 a 4500
008 060901s2005 ||||||||||||||||| || u
050 _aIBRD(08)PRWP/3720
100 _aEvenett, Simon J
245 1 0 _aInternational cooperation and the reform of public procurement policies
260 _aWashington, D. C
_bWorld Bank
_c2005
300 _a39p. ;ill
350 _a0.00
490 _aWorld Bank policy research working papers
650 0 _aECONOMICS
650 _aPUBLIC PROCUREMENT POLICIES--RESEARCH--DEVELOPING COUNTRIES
700 _aHoekman, Bernard M
995 _D0.00
_FCBU-MAIN LIBRARY (Kitwe)
_H1
_I0.00
_M1
_UAVAILABLE
_WSep 1, 2006
_ZInternational Publications
999 _c47330
_d47330